000 00254nam a2200097Ia 4500
001 761391
005 20250826165206.0
008 250824s9999 xx 000 0 und d
245 0 _aBİR BALTAYA WHATSAPP OLDUM
_cMİNE SOTA
260 _bGENÇ TİMAŞ YAYINLARI
999 _c761391
_d761391